[Event "2MCRV_F"]
[Site "?"]
[Date "2002.??.??"]
[Round "?"]
[White "Sykora, Josef"]
[Black "Koukal, Vladimir"]
[Result "1-0"]
[WhiteElo "2370"]
[BlackElo "2225"]
[PlyCount "61"]
[EventDate "2002.??.??"]
[EventType "corr"]
[SourceDate "2004.06.03"]

1. c4 Nf6 2. Nf3 c5 3. g3 d6 4. Bg2 e5 5. O-O Nc6 6. Nc3 Bg4 7. d3 Qd7 8. Ng5
h6 9. Nge4 Be7 10. a3 O-O 11. Rb1 Bh3 12. Nxf6+ Bxf6 13. Bxh3 Qxh3 14. b4 cxb4
15. axb4 a6 16. e3 Bg5 17. b5 axb5 18. Nxb5 Qd7 19. Nc3 Rfb8 20. f4 exf4 21.
gxf4 Bf6 22. Nd5 Bd8 23. f5 b5 24. cxb5 Ne7 25. Nc3 Nxf5 26. Qg4 g6 27. e4 Qa7+
28. Kh1 Ne3 29. Bxe3 Qxe3 30. Qd7 Bc7 31. Qxf7+ 1-0

[Event "2MCRV_F"]
[Site "?"]
[Date "2002.??.??"]
[Round "?"]
[White "Klima, Milos"]
[Black "Kolarik, Josef"]
[Result "1/2-1/2"]
[WhiteElo "2320"]
[BlackElo "2230"]
[PlyCount "46"]
[EventDate "2002.??.??"]
[EventType "corr"]
[SourceDate "2004.06.03"]

1. e4 e5 2. Nc3 Nf6 3. g3 Bc5 4. Bg2 Nc6 5. d3 a6 6. Nge2 d6 7. O-O Be6 8. h3
Qd7 9. Kh2 d5 10. f4 dxe4 11. dxe4 O-O-O 12. Qxd7+ Nxd7 13. Nd5 Bxd5 14. exd5
Nd4 15. Nc3 Nxc2 16. Rb1 h5 17. Be4 Ne3 18. Bxe3 Bxe3 19. Kg2 Rhe8 20. f5 Nf6
21. Kf3 Bd4 22. Rbd1 Rf8 23. g4 g5 1/2-1/2

[Event "2MCRV_F"]
[Site "?"]
[Date "2002.??.??"]
[Round "?"]
[White "Kostal, Jindrich"]
[Black "Nevole, Milan"]
[Result "1/2-1/2"]
[WhiteElo "2305"]
[BlackElo "2240"]
[PlyCount "135"]
[EventDate "2002.??.??"]
[EventType "corr"]
[SourceDate "2004.06.03"]

1. e4 c5 2. Nf3 d6 3. d4 cxd4 4. Nxd4 Nf6 5. Nc3 a6 6. Bg5 e6 7. f4 b5 8. e5
dxe5 9. fxe5 Qc7 10. Qe2 Nfd7 11. O-O-O Nc6 12. Nxc6 Qxc6 13. Qd3 h6 14. Bf4
Bb7 15. Ne4 Qd5 16. h4 Rc8 17. Rh3 Qxd3 18. Bxd3 Nc5 19. Nxc5 Bxc5 20. Rg3 g6
21. c3 Be7 22. Rh1 b4 23. Kd2 a5 24. Be3 h5 25. Bb6 bxc3+ 26. bxc3 O-O 27. a4
Ra8 28. Bb5 Rfc8 29. Bd4 Rab8 30. Kd3 Bc5 31. Ke3 Bxd4+ 32. Kxd4 Rd8+ 33. Ke3
Rd5 34. Rg5 Rbd8 35. Rf1 Kg7 36. Rc1 Rd2 37. g3 Ra2 38. Rb1 Bd5 39. g4 hxg4 40.
Rxg4 Rc2 41. c4 Rc3+ 42. Kd4 Rxc4+ 43. Bxc4 Bf3+ 44. Ke3 Bxg4 45. Rb5 Ra8 46.
Rc5 Bf5 47. Kf4 Rb8 48. Rb5 Rd8 49. Ke3 Rc8 50. Bf1 Rh8 51. Rxa5 Rxh4 52. Bg2
Bc2 53. Bc6 g5 54. Ra7 Rc4 55. Ra6 Rc3+ 56. Kd2 Rc5 57. Rb6 Bf5 58. Bh1 Rc4 59.
a5 Rc2+ 60. Ke3 Rc5 61. a6 Rxe5+ 62. Kd4 Ra5 63. Bb7 e5+ 64. Kc3 g4 65. Rb2 Ra1
66. Re2 e4 67. Kd4 Bg6 68. Ke5 1/2-1/2

[Event "2MCRV_F"]
[Site "?"]
[Date "2002.??.??"]
[Round "?"]
[White "Skalicky, Frantisek"]
[Black "Pavlicek, Jan"]
[Result "1-0"]
[WhiteElo "2305"]
[BlackElo "2250"]
[PlyCount "41"]
[EventDate "2002.??.??"]
[EventType "corr"]
[SourceDate "2004.06.03"]

1. e4 e6 2. d4 c5 3. Nf3 cxd4 4. Nxd4 a6 5. Bd3 Qc7 6. O-O Bd6 7. f4 Bc5 8. c3
d6 9. Kh1 Nf6 10. Qe1 Nbd7 11. Nd2 b5 12. N2f3 Bb7 13. a4 bxa4 14. Rxa4 e5 15.
Nf5 g6 16. fxe5 dxe5 17. Ng7+ Kf8 18. Bh6 Kg8 19. Ng5 Qc6 20. Bc4 Rf8 21. N7e6
1-0

[Event "2MCRV_F"]
[Site "?"]
[Date "2002.??.??"]
[Round "?"]
[White "Bucek, Jiri"]
[Black "Valak, Alois"]
[Result "1-0"]
[WhiteElo "2300"]
[BlackElo "2260"]
[PlyCount "44"]
[EventDate "2002.??.??"]
[EventType "corr"]
[SourceDate "2004.06.03"]

1. e4 c6 2. d4 d5 3. e5 Bf5 4. Nd2 e6 5. Nb3 Nd7 6. Be2 c5 7. Nf3 Ne7 8. Nxc5
Nxc5 9. dxc5 Nc6 10. Be3 Be4 11. O-O Bxf3 12. Bxf3 Nxe5 13. Bd4 Nc6 14. c3 Qg5
15. Qb3 O-O-O 16. a4 Be7 17. a5 a6 18. Rfd1 Qf5 19. Qa4 Kb8 20. b4 Na7 21. Qb3
Bg5 22. b5 Nxb5 1-0

[Event "2MCRV_F"]
[Site "?"]
[Date "2002.??.??"]
[Round "?"]
[White "Kuta, Jiri"]
[Black "Pytlik, Lesek"]
[Result "1/2-1/2"]
[WhiteElo "2295"]
[BlackElo "2260"]
[PlyCount "115"]
[EventDate "2002.??.??"]
[EventType "corr"]
[SourceDate "2004.06.03"]

1. d4 Nf6 2. c4 e6 3. Nf3 b6 4. a3 c5 5. e3 Bb7 6. Nbd2 cxd4 7. exd4 d5 8. b3
Be7 9. Bd3 O-O 10. O-O Nc6 11. Bb2 Re8 12. Re1 Rc8 13. Rc1 dxc4 14. bxc4 Nb8
15. Ne5 Bf8 16. Ndf3 h6 17. Rc2 Nbd7 18. Rce2 Qc7 19. Nxd7 Nxd7 20. d5 Red8 21.
Rd2 exd5 22. cxd5 Re8 23. Rxe8 Rxe8 24. Bf5 Qd8 25. h3 Nc5 26. Qb1 Qd6 27. Bh7+
Kh8 28. Qf5 Qc7 29. Rd1 Bc8 30. Qc2 Qd6 31. Qb1 a6 32. Bc2 Bb7 33. Qc1 Kg8 34.
Bb1 Ne4 35. Qc2 b5 36. Be5 Rxe5 37. Nxe5 Qxe5 38. Qxe4 Qxe4 39. Bxe4 Bxa3 40.
d6 Bxe4 41. d7 Be7 42. Re1 f5 43. f3 Bd8 44. fxe4 f4 45. e5 Kf7 46. e6+ Ke7 47.
Kf2 b4 48. Kf3 g5 49. Kg4 Kf6 50. e7 Bxe7 51. Ra1 Ke6 52. Rxa6+ Kxd7 53. Rxh6
Bd6 54. h4 gxh4 55. Rxh4 Kc6 56. Kf5 Kb5 57. Rh6 Bc5 58. Kxf4 1/2-1/2

[Event "2MCRV_F"]
[Site "?"]
[Date "2002.??.??"]
[Round "?"]
[White "Bures, Jilji"]
[Black "Kuchta, Jiri"]
[Result "1-0"]
[WhiteElo "2285"]
[BlackElo "2270"]
[PlyCount "123"]
[EventDate "2002.??.??"]
[EventType "corr"]
[SourceDate "2004.06.03"]

1. e4 c5 2. Nf3 d6 3. d4 cxd4 4. Nxd4 Nf6 5. Nc3 a6 6. g3 e5 7. Nde2 Be7 8. Bg2
Be6 9. O-O Nbd7 10. h3 Rc8 11. g4 Nb6 12. f4 O-O 13. f5 Bd7 14. Qd3 Ne8 15. a4
a5 16. b3 Bc6 17. Be3 Bg5 18. Rad1 Nd7 19. Bf2 Bh4 20. Bxh4 Qxh4 21. Qg3 Qxg3
22. Nxg3 h6 23. Rf2 Nc5 24. Rfd2 Kh7 25. Kf2 g6 26. Ke3 Nd7 27. Bf1 Ndf6 28.
Bc4 Kg7 29. Kf3 Rh8 30. h4 Kf8 31. Rh1 Rc7 32. Rhh2 Nd7 33. Bb5 Nb6 34. Rd3 Nd7
35. Rdd2 Nb6 36. h5 Bd7 37. Nd5 Nxd5 38. Rxd5 Bxb5 39. axb5 gxh5 40. Nxh5 Rg8
41. Rd3 Ke7 42. c4 a4 43. b6 Rc6 44. bxa4 Rxc4 45. Ra2 Rc1 46. a5 Rf1+ 47. Kg2
Rb1 48. Rg3 Nf6 49. Rc2 Nxe4 50. Rc7+ Kd8 51. Rxb7 Kc8 52. a6 Rb2+ 53. Kg1 Ra2
54. Rc7+ Kb8 55. a7+ Ka8 56. Rg2 Ra1+ 57. Kh2 Rb1 58. Re2 d5 59. Rc6 Kb7 60.
Rec2 d4 61. Rc8 Rxc8 62. Rxc8 1-0

[Event "2MCRV_F"]
[Site "?"]
[Date "2002.??.??"]
[Round "?"]
[White "Vondracek, Emil"]
[Black "Nosek, Jaroslav"]
[Result "1/2-1/2"]
[WhiteElo "2285"]
[BlackElo "2275"]
[PlyCount "44"]
[EventDate "2002.??.??"]
[EventType "corr"]
[SourceDate "2004.06.03"]

1. Nf3 Nf6 2. d4 d5 3. c4 dxc4 4. e3 a6 5. Bxc4 b5 6. Bd3 e6 7. O-O c5 8. a4 b4
9. Qe2 cxd4 10. exd4 Bb7 11. Be3 Be7 12. Nbd2 Nbd7 13. Rfc1 Nd5 14. Nb3 Nxe3
15. fxe3 O-O 16. e4 e5 17. dxe5 Qb8 18. Na5 Nc5 19. Kh1 Qa7 20. Nxb7 Qxb7 21.
Bc4 Qxe4 22. Qxe4 Nxe4 1/2-1/2

[Event "2MCRV_F"]
[Site "?"]
[Date "2002.??.??"]
[Round "?"]
[White "Kuchta, Jiri"]
[Black "Vondracek, Emil"]
[Result "1/2-1/2"]
[WhiteElo "2270"]
[BlackElo "2285"]
[PlyCount "71"]
[EventDate "2002.??.??"]
[EventType "corr"]
[SourceDate "2004.06.03"]

1. c4 Nf6 2. Nc3 e6 3. e4 Nc6 4. d4 d5 5. e5 Ne4 6. Nf3 Bb4 7. Qd3 O-O 8. a3
Bxc3+ 9. bxc3 Na5 10. Qc2 b6 11. cxd5 exd5 12. Bd3 Bf5 13. Be3 Nc4 14. O-O b5
15. a4 c6 16. Rfe1 Bg6 17. g3 h6 18. Nh4 Bh7 19. Ng2 Qd7 20. axb5 cxb5 21. f3
Ng5 22. Bxg5 Bxd3 23. Qxd3 hxg5 24. Ra6 Rfb8 25. e6 Qb7 26. exf7+ Qxf7 27. f4
gxf4 28. Nxf4 Re8 29. Rxe8+ Rxe8 30. Qb1 Rb8 31. h4 Rb7 32. h5 Nd2 33. Qg6 Ne4
34. Rc6 Rc7 35. Qxf7+ Rxf7 36. Nxd5 1/2-1/2

[Event "2MCRV_F"]
[Site "?"]
[Date "2002.??.??"]
[Round "?"]
[White "Pytlik, Lesek"]
[Black "Bures, Jilji"]
[Result "1/2-1/2"]
[WhiteElo "2260"]
[BlackElo "2285"]
[PlyCount "50"]
[EventDate "2002.??.??"]
[EventType "corr"]
[SourceDate "2004.06.03"]

1. e4 c5 2. Nf3 Nc6 3. g3 g6 4. d3 Bg7 5. Bg2 d6 6. O-O Nf6 7. Nc3 O-O 8. h3
Rb8 9. a4 a6 10. Bg5 b5 11. axb5 axb5 12. Qd2 Be6 13. Bh6 Qc7 14. Ne2 Ra8 15.
Ng5 Bxh6 16. Nxe6 fxe6 17. Qxh6 Rxa1 18. Rxa1 e5 19. f4 Nd4 20. Nxd4 cxd4 21.
fxe5 dxe5 22. Qd2 Qc5 23. Kh2 Rc8 24. Rc1 b4 25. Rf1 Ra8 1/2-1/2

[Event "2MCRV_F"]
[Site "?"]
[Date "2002.??.??"]
[Round "?"]
[White "Valak, Alois"]
[Black "Kuta, Jiri"]
[Result "1/2-1/2"]
[WhiteElo "2260"]
[BlackElo "2295"]
[PlyCount "72"]
[EventDate "2002.??.??"]
[EventType "corr"]
[SourceDate "2004.06.03"]

1. e4 c5 2. Nf3 Nc6 3. d4 cxd4 4. Nxd4 Nf6 5. Nc3 e5 6. Ndb5 d6 7. Nd5 Nxd5 8.
exd5 Nb8 9. c4 a6 10. Nc3 Be7 11. Be2 O-O 12. O-O Nd7 13. b3 f5 14. Bb2 Bf6 15.
f3 Bg5 16. Bd3 Nc5 17. Bc2 Be3+ 18. Kh1 Bd4 19. Qd2 Nd7 20. f4 Qh4 21. g3 Qh6
22. Rad1 b5 23. Ba3 bxc4 24. bxc4 Nf6 25. Ne2 Ng4 26. Nxd4 exd4 27. Rde1 Ne3
28. Rf3 Bd7 29. Bb3 Rfe8 30. Bb2 Qh5 31. Rf2 Ng4 32. Rff1 d3 33. Bd1 Rxe1 34.
Rxe1 Re8 35. Rxe8+ Qxe8 36. Bxg4 Qe4+ 1/2-1/2

[Event "2MCRV_F"]
[Site "?"]
[Date "2002.??.??"]
[Round "?"]
[White "Pavlicek, Jan"]
[Black "Bucek, Jiri"]
[Result "0-1"]
[WhiteElo "2250"]
[BlackElo "2300"]
[PlyCount "46"]
[EventDate "2002.??.??"]
[EventType "corr"]
[SourceDate "2004.06.03"]

1. e4 c5 2. Nc3 Nc6 3. g3 g6 4. Bg2 Bg7 5. d3 d6 6. f4 Rb8 7. Nf3 b5 8. O-O b4
9. Nd5 e6 10. Ne3 Nge7 11. a3 a5 12. axb4 axb4 13. Nh4 f5 14. exf5 exf5 15. Nd5
O-O 16. Re1 Kh8 17. Nxe7 Nxe7 18. Qe2 Bf6 19. Ra7 Bd7 20. Ra1 Qc7 21. Nf3 Rfe8
22. Qf1 Nc6 23. Kh1 Nd4 0-1

[Event "2MCRV_F"]
[Site "?"]
[Date "2002.??.??"]
[Round "?"]
[White "Nevole, Milan"]
[Black "Skalicky, Frantisek"]
[Result "1/2-1/2"]
[WhiteElo "2240"]
[BlackElo "2305"]
[PlyCount "50"]
[EventDate "2002.??.??"]
[EventType "corr"]
[SourceDate "2004.06.03"]

1. d4 Nf6 2. c4 e6 3. Nf3 b6 4. g3 Bb7 5. Bg2 Be7 6. O-O O-O 7. Re1 d5 8. cxd5
exd5 9. Nc3 Na6 10. Bf4 c5 11. Ne5 Ne4 12. a3 cxd4 13. Nb5 Bf6 14. Ng4 Bg5 15.
Nxd4 Bxf4 16. gxf4 Qh4 17. h3 Rad8 18. b4 Nc7 19. e3 Bc8 20. Qc2 Ne8 21. Nc6
Rd7 22. Rad1 Rc7 23. b5 N8f6 24. f3 Nd6 25. a4 a6 1/2-1/2

[Event "2MCRV_F"]
[Site "?"]
[Date "2002.??.??"]
[Round "?"]
[White "Kolarik, Josef"]
[Black "Kostal, Jindrich"]
[Result "1/2-1/2"]
[WhiteElo "2230"]
[BlackElo "2305"]
[PlyCount "53"]
[EventDate "2002.??.??"]
[EventType "corr"]
[SourceDate "2004.06.03"]

1. d4 Nf6 2. c4 g6 3. Nc3 Bg7 4. e4 d6 5. f3 O-O 6. Be3 e5 7. Nge2 c6 8. Qd2
Nbd7 9. d5 cxd5 10. cxd5 a6 11. g4 h5 12. g5 Nh7 13. Rg1 b5 14. Nc1 Nb6 15. b3
Bd7 16. a3 Nc8 17. Nd3 Ne7 18. Nd1 Qc7 19. a4 f5 20. gxf6 Nxf6 21. a5 Rac8 22.
Nb4 Qb7 23. Bg5 Rc5 24. Rg3 Kh7 25. h4 Qc8 26. Nf2 Rc7 27. Be2 1/2-1/2

[Event "2MCRV_F"]
[Site "?"]
[Date "2002.??.??"]
[Round "?"]
[White "Koukal, Vladimir"]
[Black "Klima, Milos"]
[Result "1-0"]
[WhiteElo "2225"]
[BlackElo "2320"]
[PlyCount "53"]
[EventDate "2002.??.??"]
[EventType "corr"]
[SourceDate "2004.06.03"]

1. e4 c6 2. d4 d5 3. exd5 cxd5 4. c4 Nf6 5. Nc3 e6 6. Nf3 Bb4 7. cxd5 exd5 8.
Bd3 O-O 9. O-O Nc6 10. Bg5 Bxc3 11. bxc3 Qd6 12. Qb3 Ne4 13. Rae1 f5 14. Bc1
Rd8 15. Ng5 Na5 16. Qa4 b6 17. f3 Bd7 18. Qb4 Nc6 19. Qxd6 Nxd6 20. Ne6 Bxe6
21. Rxe6 Kf7 22. Rfe1 g6 23. Kf1 Rac8 24. Ba6 Ra8 25. Bf4 Nb8 26. Re7+ Kg8 27.
Bd3 1-0

[Event "2MCRV_F"]
[Site "?"]
[Date "2002.??.??"]
[Round "?"]
[White "Dotlacil, Ladislav"]
[Black "Sykora, Josef"]
[Result "1/2-1/2"]
[WhiteElo "2410"]
[BlackElo "2370"]
[PlyCount "41"]
[EventDate "2002.??.??"]
[EventType "corr"]
[SourceDate "2004.06.03"]

1. c4 Nf6 2. Nc3 c6 3. d4 d5 4. Nf3 e6 5. Qb3 dxc4 6. Qxc4 b5 7. Qd3 Nbd7 8. a3
b4 9. axb4 Bxb4 10. e4 a5 11. e5 Nd5 12. Bd2 Ba6 13. Qe4 Bxf1 14. Kxf1 Qb6 15.
g3 Be7 16. Na4 Qb5+ 17. Kg2 O-O 18. Rhc1 Rfc8 19. Bg5 Bb4 20. Bd2 Be7 21. Bg5
1/2-1/2

[Event "2MCRV_F"]
[Site "?"]
[Date "2002.??.??"]
[Round "?"]
[White "Klima, Milos"]
[Black "Dotlacil, Ladislav"]
[Result "1/2-1/2"]
[WhiteElo "2320"]
[BlackElo "2410"]
[PlyCount "34"]
[EventDate "2002.??.??"]
[EventType "corr"]
[SourceDate "2004.06.03"]

1. e4 c6 2. d3 d5 3. Nd2 Qc7 4. Ngf3 Bg4 5. Be2 Nd7 6. c3 Ngf6 7. Qc2 e6 8. Nf1
dxe4 9. dxe4 Bd6 10. Be3 Bh5 11. O-O-O Bf4 12. g3 Bxe3+ 13. Nxe3 Nc5 14. Rd4 b5
15. b4 e5 16. Nxe5 Ne6 17. Bxh5 Qxe5 1/2-1/2

[Event "2MCRV_F"]
[Site "?"]
[Date "2002.??.??"]
[Round "?"]
[White "Kostal, Jindrich"]
[Black "Koukal, Vladimir"]
[Result "1-0"]
[WhiteElo "2305"]
[BlackElo "2225"]
[PlyCount "61"]
[EventDate "2002.??.??"]
[EventType "corr"]
[SourceDate "2004.06.03"]

1. e4 e5 2. Nf3 Nc6 3. Bb5 a6 4. Ba4 Nf6 5. O-O Nxe4 6. d4 b5 7. Bb3 d5 8. dxe5
Be6 9. Nbd2 Nc5 10. c3 Nxb3 11. Nxb3 Be7 12. Nfd4 Nxd4 13. cxd4 Bf5 14. Bf4 O-O
15. Rc1 a5 16. Qf3 a4 17. Nc5 c6 18. Rfe1 Bg6 19. Qh3 Re8 20. Bd2 a3 21. b3 Qc8
22. Qxc8 Rexc8 23. g4 h5 24. h3 Ra7 25. f4 Bh4 26. Re2 Bh7 27. Kg2 Re8 28. Kf3
hxg4+ 29. hxg4 Rae7 30. Rh1 Bf6 31. Reh2 1-0

[Event "2MCRV_F"]
[Site "?"]
[Date "2002.??.??"]
[Round "?"]
[White "Skalicky, Frantisek"]
[Black "Kolarik, Josef"]
[Result "1/2-1/2"]
[WhiteElo "2305"]
[BlackElo "2230"]
[PlyCount "56"]
[EventDate "2002.??.??"]
[EventType "corr"]
[SourceDate "2004.06.03"]

1. e4 e5 2. Nf3 Nc6 3. Bb5 a6 4. Ba4 Nf6 5. O-O Be7 6. Re1 b5 7. Bb3 d6 8. c3
O-O 9. h3 Bb7 10. d4 Re8 11. Nbd2 Bf8 12. Bc2 g6 13. d5 Nb8 14. b3 c6 15. c4
Qc7 16. Nf1 Rc8 17. Re2 Nbd7 18. Ng3 Rab8 19. Be3 Nc5 20. Bxc5 dxc5 21. Qd3 Ne8
22. Rd1 f6 23. Qe3 Nd6 24. Bd3 cxd5 25. exd5 Re8 26. Qc1 Bg7 27. Rde1 bxc4 28.
Bxc4 f5 1/2-1/2

[Event "2MCRV_F"]
[Site "?"]
[Date "2002.??.??"]
[Round "?"]
[White "Bucek, Jiri"]
[Black "Nevole, Milan"]
[Result "1-0"]
[WhiteElo "2300"]
[BlackElo "2240"]
[PlyCount "83"]
[EventDate "2002.??.??"]
[EventType "corr"]
[SourceDate "2004.06.03"]

1. e4 c5 2. Nf3 d6 3. d4 cxd4 4. Nxd4 Nf6 5. Nc3 a6 6. f3 e6 7. Be3 Be7 8. Qd2
Nc6 9. O-O-O d5 10. exd5 exd5 11. g4 O-O 12. g5 Ne8 13. f4 Bb4 14. a3 Bxc3 15.
Qxc3 Nxd4 16. Bxd4 Bf5 17. Bd3 Rc8 18. Qb3 Bxd3 19. Rxd3 b5 20. Rhd1 Rc4 21.
Be5 Nc7 22. Rc3 Qc8 23. Rxc4 dxc4 24. Qe3 Re8 25. Qb6 Ne6 26. Rd6 Qa8 27. Qxa6
Qxa6 28. Rxa6 f6 29. gxf6 gxf6 30. Bxf6 Nxf4 31. Rb6 Re6 32. Rxe6 Nxe6 33. Kd2
Nc7 34. Bh4 Nd5 35. b3 cxb3 36. cxb3 Kf7 37. a4 bxa4 38. bxa4 Ke6 39. Kd3 Kd6
40. Bf2 Kc6 41. Bd4 Nf4+ 42. Ke4 1-0

[Event "2MCRV_F"]
[Site "?"]
[Date "2002.??.??"]
[Round "?"]
[White "Kuta, Jiri"]
[Black "Pavlicek, Jan"]
[Result "1-0"]
[WhiteElo "2295"]
[BlackElo "2250"]
[PlyCount "47"]
[EventDate "2002.??.??"]
[EventType "corr"]
[SourceDate "2004.06.03"]

1. d4 e6 2. e4 c5 3. Nf3 cxd4 4. Nxd4 a6 5. Bd3 Qc7 6. O-O Bd6 7. f4 Bc5 8. c3
d6 9. Kh1 Nf6 10. Qe2 e5 11. fxe5 Bg4 12. Qe1 dxe5 13. Nf5 Bxf5 14. Rxf5 Nbd7
15. Bg5 h6 16. Bh4 Be7 17. Nd2 Nc5 18. Bc2 Nfd7 19. Bxe7 Kxe7 20. Nc4 f6 21.
Ne3 Qc6 22. Qg3 Rag8 23. Rd1 Ne6 24. Rf2 1-0

[Event "2MCRV_F"]
[Site "?"]
[Date "2002.??.??"]
[Round "?"]
[White "Bures, Jilji"]
[Black "Valak, Alois"]
[Result "1-0"]
[WhiteElo "2285"]
[BlackElo "2260"]
[PlyCount "57"]
[EventDate "2002.??.??"]
[EventType "corr"]
[SourceDate "2004.06.03"]

1. e4 c6 2. d4 d5 3. Nc3 dxe4 4. Nxe4 Bf5 5. Ng3 Bg6 6. Nf3 Nd7 7. Bd3 e6 8.
O-O Qe7 9. Re1 Ngf6 10. Bf4 Qb4 11. Rb1 Be7 12. a3 Qa5 13. c4 Nh5 14. Nxh5 Bxh5
15. d5 cxd5 16. b4 Qd8 17. cxd5 O-O 18. Qe2 Kh8 19. Rbd1 Qb6 20. h3 Nf6 21. Be3
Qc7 22. g4 Bg6 23. Bxg6 fxg6 24. dxe6 a5 25. Qb5 axb4 26. axb4 Nxg4 27. hxg4
Rxf3 28. Rd7 Qc3 29. Rc1 1-0

[Event "2MCRV_F"]
[Site "?"]
[Date "2002.??.??"]
[Round "?"]
[White "Vondracek, Emil"]
[Black "Pytlik, Lesek"]
[Result "1-0"]
[WhiteElo "2285"]
[BlackElo "2260"]
[PlyCount "73"]
[EventDate "2002.??.??"]
[EventType "corr"]
[SourceDate "2004.06.03"]

1. e4 d6 2. d4 Nf6 3. Nc3 g6 4. f4 Bg7 5. Nf3 O-O 6. Bd3 Na6 7. O-O c5 8. d5
Nc7 9. Qe1 Bd7 10. a4 b6 11. Qh4 a6 12. f5 b5 13. Bh6 c4 14. Be2 Bxh6 15. Qxh6
Ng4 16. Qh4 Nf6 17. fxg6 fxg6 18. Ng5 Nce8 19. Qh6 b4 20. Nd1 Qb6+ 21. Kh1 Qd4
22. c3 Qd2 23. Bxc4 Rc8 24. Bxa6 Ra8 25. Bc4 Rc8 26. b3 bxc3 27. Nf2 Rxc4 28.
bxc4 c2 29. a5 Ng7 30. a6 Ra8 31. e5 Nf5 32. Nfe4 Nxh6 33. Nxd2 dxe5 34. Rfc1
Bf5 35. a7 Nf7 36. Ne6 Ne8 37. Nf3 1-0

[Event "2MCRV_F"]
[Site "?"]
[Date "2002.??.??"]
[Round "?"]
[White "Nosek, Jaroslav"]
[Black "Kuchta, Jiri"]
[Result "1/2-1/2"]
[WhiteElo "2275"]
[BlackElo "2270"]
[PlyCount "71"]
[EventDate "2002.??.??"]
[EventType "corr"]
[SourceDate "2004.06.03"]

1. e4 c5 2. Nf3 d6 3. d4 cxd4 4. Nxd4 Nf6 5. Nc3 g6 6. Be3 Bg7 7. f3 O-O 8. Qd2
Nc6 9. O-O-O d5 10. Nxc6 bxc6 11. exd5 Nxd5 12. Nxd5 cxd5 13. Qxd5 Qc7 14. Qxa8
Bf5 15. Qxf8+ Kxf8 16. Rd2 h5 17. Be2 Kg8 18. Rhd1 Qe5 19. Bd4 Qxh2 20. Bxg7
Kxg7 21. Bc4 Qf4 22. b3 h4 23. Bd5 g5 24. Kb1 e6 25. Bb7 Qe3 26. Rd4 e5 27. Rd8
g4 28. fxg4 Bxg4 29. R1d3 Qe2 30. Rd2 Qe1+ 31. Kb2 e4 32. R2d5 Qf2 33. Rg5+ Kh6
34. Rxg4 Qf6+ 35. c3 Qxd8 36. Bxe4 1/2-1/2

[Event "2MCRV_F"]
[Site "?"]
[Date "2002.??.??"]
[Round "?"]
[White "Pytlik, Lesek"]
[Black "Nosek, Jaroslav"]
[Result "1/2-1/2"]
[WhiteElo "2260"]
[BlackElo "2275"]
[PlyCount "98"]
[EventDate "2002.??.??"]
[EventType "corr"]
[SourceDate "2004.06.03"]

1. e4 e6 2. g3 d5 3. Bg2 dxe4 4. Nc3 Bd7 5. Nxe4 Bc6 6. f3 f5 7. Nf2 e5 8. Ne2
Nd7 9. d4 Qf6 10. Be3 O-O-O 11. O-O g5 12. Nd3 g4 13. fxg4 Bxg2 14. Kxg2 Nh6
15. g5 Qc6+ 16. Kg1 Ng4 17. Bc1 h6 18. g6 Bg7 19. c3 Qxg6 20. h3 Ngf6 21. dxe5
Ne4 22. Ndf4 Qb6+ 23. Qd4 Ndc5 24. Qb4 Qa6 25. Qa3 Qxa3 26. bxa3 Bxe5 27. Ng6
Nxc3 28. Nxc3 Bxc3 29. Nxh8 Bxa1 30. Ng6 Bf6 31. Rxf5 Ne4 32. Bxh6 Rd6 33. Be3
Nxg3 34. Rf3 Ne4 35. h4 Rd3 36. h5 Rxe3 37. Rxe3 Bd4 38. Ne7+ Kd7 39. Nf5 Bxe3+
40. Nxe3 Ke6 41. a4 Nc3 42. a5 Kf6 43. Kf2 Kg5 44. Nc2 Kxh5 45. Ke3 Kg5 46. Kd4
Nxa2 47. Kc4 Kf6 48. Nd4 Ke7 49. Nb5 Kd7 1/2-1/2

[Event "2MCRV_F"]
[Site "?"]
[Date "2002.??.??"]
[Round "?"]
[White "Valak, Alois"]
[Black "Vondracek, Emil"]
[Result "0-1"]
[WhiteElo "2260"]
[BlackElo "2285"]
[PlyCount "120"]
[EventDate "2002.??.??"]
[EventType "corr"]
[SourceDate "2004.06.03"]

1. e4 e6 2. d4 d5 3. Nc3 Bb4 4. e5 c5 5. a3 Bxc3+ 6. bxc3 Ne7 7. Qg4 Qc7 8.
Qxg7 Rg8 9. Qxh7 cxd4 10. Ne2 Nbc6 11. f4 Bd7 12. Qd3 dxc3 13. Qxc3 Nf5 14. Rb1
O-O-O 15. Rg1 d4 16. Qd3 f6 17. exf6 e5 18. g4 Nd6 19. g5 e4 20. Qb3 Kb8 21.
Ng3 Bg4 22. h3 Bf3 23. Qa4 Na5 24. Ne2 e3 25. Bg2 Bxe2 26. Kxe2 Ndc4 27. Rf1
Rge8 28. g6 Re6 29. Rb4 Qd6 30. Rxb7+ Nxb7 31. Qxc4 Rc8 32. Qa4 Rxf6 33. Bxb7
Kxb7 34. Bb2 Qd5 35. Bxd4 Qg2+ 36. Kxe3 Re6+ 37. Be5 Qxh3+ 38. Ke2 Qg2+ 39. Rf2
Qg4+ 40. Kd2 Rd8+ 41. Bd4 Rb6 42. c3 Qg3 43. Kc2 Qxg6+ 44. f5 Qg4 45. Kd3 Ka8
46. Qc2 Qg3+ 47. Ke2 Re8+ 48. Kd2 Rb7 49. a4 Qg5+ 50. Kd3 Qg4 51. Kd2 Rd8 52.
f6 Rxd4+ 53. cxd4 Qxd4+ 54. Ke2 Rb2 55. Qxb2 Qxb2+ 56. Kf1 Qb1+ 57. Kg2 Qb7+
58. Kg3 Qb3+ 59. Rf3 Qf7 60. Rf5 Kb7 0-1

[Event "2MCRV_F"]
[Site "?"]
[Date "2002.??.??"]
[Round "?"]
[White "Pavlicek, Jan"]
[Black "Bures, Jilji"]
[Result "0-1"]
[WhiteElo "2250"]
[BlackElo "2285"]
[PlyCount "52"]
[EventDate "2002.??.??"]
[EventType "corr"]
[SourceDate "2004.06.03"]

1. e4 c5 2. Nc3 e6 3. g3 d5 4. exd5 exd5 5. Bg2 Nf6 6. d3 Be7 7. Nge2 d4 8. Ne4
Nxe4 9. Bxe4 Nd7 10. O-O O-O 11. Bg2 Nf6 12. c3 Re8 13. Re1 dxc3 14. bxc3 Bd6
15. Qb3 Rb8 16. Bf4 b6 17. Qa4 Bg4 18. Bxd6 Qxd6 19. Nf4 Bd7 20. Qc4 b5 21. Qb3
a5 22. Rxe8+ Rxe8 23. Rd1 a4 24. Qc2 g5 25. Nh3 h6 26. d4 cxd4 0-1

[Event "2MCRV_F"]
[Site "?"]
[Date "2002.??.??"]
[Round "?"]
[White "Nevole, Milan"]
[Black "Kuta, Jiri"]
[Result "1-0"]
[WhiteElo "2240"]
[BlackElo "2295"]
[PlyCount "59"]
[EventDate "2002.??.??"]
[EventType "corr"]
[SourceDate "2004.06.03"]

1. d4 Nf6 2. c4 g6 3. Nc3 Bg7 4. e4 d6 5. f3 O-O 6. Be3 e5 7. d5 c6 8. Bd3 b5
9. a3 bxc4 10. Bxc4 Nfd7 11. dxc6 Nxc6 12. Bd5 Bb7 13. Nge2 Nb6 14. O-O Nxd5
15. Nxd5 f5 16. Qd3 Rb8 17. Rad1 Qc8 18. Rc1 fxe4 19. fxe4 Rxf1+ 20. Kxf1 Kh8
21. b4 Ba6 22. Qd2 Qb7 23. Kg1 Rf8 24. a4 Nxb4 25. Rc7 Bxe2 26. h3 Qb8 27. Bxa7
Rf1+ 28. Kh2 Qd8 29. Qxb4 Bg4 30. Qb5 1-0

[Event "2MCRV_F"]
[Site "?"]
[Date "2002.??.??"]
[Round "?"]
[White "Kolarik, Josef"]
[Black "Bucek, Jiri"]
[Result "1/2-1/2"]
[WhiteElo "2230"]
[BlackElo "2300"]
[PlyCount "39"]
[EventDate "2002.??.??"]
[EventType "corr"]
[SourceDate "2004.06.03"]

1. d4 d5 2. c4 dxc4 3. Nf3 a6 4. e3 Nf6 5. Bxc4 e6 6. O-O c5 7. a4 Nc6 8. Qe2
cxd4 9. Rd1 Be7 10. exd4 O-O 11. Nc3 Nd5 12. Bb3 Re8 13. h4 h6 14. g3 Na5 15.
Bc2 Nb4 16. Ne5 Nxc2 17. Qxc2 Bf8 18. Ne4 f5 19. Nc3 b6 20. Bf4 1/2-1/2

[Event "2MCRV_F"]
[Site "?"]
[Date "2002.??.??"]
[Round "?"]
[White "Koukal, Vladimir"]
[Black "Skalicky, Frantisek"]
[Result "1/2-1/2"]
[WhiteElo "2225"]
[BlackElo "2305"]
[PlyCount "96"]
[EventDate "2002.??.??"]
[EventType "corr"]
[SourceDate "2004.06.03"]

1. e4 e5 2. Nf3 Nc6 3. Bc4 Nf6 4. Ng5 d5 5. exd5 Na5 6. Bb5+ c6 7. dxc6 bxc6 8.
Bd3 Nd5 9. Ne4 f5 10. Nec3 Nf4 11. Bf1 Bc5 12. d3 O-O 13. g3 Re8 14. a3 Bd4 15.
h3 Bb7 16. Rh2 Rb8 17. b4 Nd5 18. Bd2 e4 19. dxe4 Qf6 20. Qf3 c5 21. Be2 Nxc3
22. Nxc3 Rxe4 23. Nxe4 Bxe4 24. Qf4 Be5 25. Qg5 Bxa1 26. Qxf6 Bxf6 27. f3 Bxc2
28. bxa5 Rb1+ 29. Kf2 Bb3 30. Be3 c4 31. Kg2 c3 32. Rh1 c2 33. Bd3 Rxh1 34.
Kxh1 Bb2 35. Bxc2 Bxc2 36. Bxa7 Bxa3 37. Bd4 Bd3 38. Bc3 Kf7 39. Kg2 Ke6 40.
Bxg7 Bb4 41. Bh6 Bxa5 42. Bf4 h5 43. g4 fxg4 44. fxg4 h4 45. Kf2 Bd8 46. Bd2
Kf6 47. Bc3+ Kg5 48. Bd2+ Kg6 1/2-1/2